00417nam a2200145Ia 4500003000400000005001700004008004100021020001800062040000900080082001900089100001800108245009900126260003700225300000900262OSt20200605143105.0190216s9999||||xx |||||||||||||| ||und|| a9780521543057 coclc a320.954bBRA/N aBrass, Paul R 0aThe New Cambridge History Of India :bThe Politics Of India Since Independence /cPaul R Brass bCambridge Uty Press,aUK:c2004. a403p